00334nam a2200121Ia 4500008004100000041000800041082001400049100002200063245004500085260004200130300003100172365000900203240624s9999 xx 000 0 und d aeng a332.6 EDL aEDLESON MICHAEL E aVALUE AVERAGING THE SAFE AND EASY STRATE c2007aNew JerseybJohn Wiley and Sons axxi, : 234 : p. : cm. ; 22 cb28